| 000 | 01083cad a22002295a 4500 | ||
|---|---|---|---|
| 001 | L159015 | ||
| 008 | 040206s2015 xxk l f000 0 eng u | ||
| 020 | _a0110483987 | ||
| 035 | _a(Sirsi) u159015 | ||
| 041 | _aeng | ||
| 245 |
_aCivil Procedure (Amendment No 5) Rules 2015 _h[electronic resource] |
||
| 260 |
_aLondon _bHMSO _c2015 |
||
| 490 |
_aSI _v2015: 1881 |
||
| 520 | _aThe 82nd Update to the Civil Procedure Rules introduces changes in a number of areas. Amendments to rules come into force on 3 December 2015, practice direction changes come into force on two dates in November. The changes are set out full in the Statutory Instrument and Practice Direction Making Document. For details of new rules and amendments see Explanatory Note. | ||
| 650 | _aCIVIL PROCEDURE (AMENDMENT NO 5) RULES 2015 | ||
| 650 | _aCIVIL PROCEDURE RULES | ||
| 650 | _aCIVIL PROCEDURE ACT 1997 | ||
| 651 | 4 | _aENGLAND AND WALES | |
| 690 | _aLAW-UK | ||
| 856 | 4 | 0 |
_uhttps://www.legislation.gov.uk/uksi/2015/1881/made _zView the Rules free of charge at www.legislation.gov.uk |
| 942 | _n0 | ||
| 999 |
_c115630 _d115630 |
||